Street boys /

Bibliographic Details
Main Author: Carcaterra, Lorenzo
Format: Book
Published: New York: Ballantine Books, 2002.
Subjects:
LEADER 00454cam a2200181 7i4500
001 0000017782
005 20151104090000.0
005 ##20151104121100.0
003 ##MY-KlINT
020 # # |a 0345459369  
039 # 9 |y 201511041211  |z VLOAD 
090 0 0 |a F   |b CAR 
100 1 # |a Carcaterra, Lorenzo 
245 1 0 |a Street boys /   |c by Lorenzo Carcaterra. 
260 # # |a New York:   |b Ballantine Books,   |c 2002. 
300 # # |a 336p.;   |c 18cm. 
650 # 0 |a Fiction  
650 # 0 |a English fiction